[Event "DVM U16w 2023"]
[Site "Magdeburg GER"]
[Date "2023.12.27"]
[Round "1"]
[White "Schmidt, Emelie"]
[Black "Glotz, Diana"]
[Result "1/2-1/2"]
[Termination "normal"]
[Board "6.2"]
[WhiteElo "1189"]
[BlackElo "1420"]
[WhiteClock "00:14:12"]
[BlackClock "00:10:32"]
[WhiteTeam "SV Stuttgart-Wolfbusch 1956"]
[BlackTeam "SSV Altenberg"]
[PlyCount "59"]
[WhiteFideId "34682490"]
[BlackFideId "16278500"]
[EventCountry "GER"]
[EventRounds "7"]
[EventType "team-swiss"]
[EventDate "2023.12.26"]

1. d4 {[%clk 01:30:58]} d5 {[%clk 01:30:50]} {[%emt 00:00:10]} 2. Nf3 {[%clk
01:31:21]} {[%emt 00:00:08]} Nf6 {[%clk 01:30:43]} {[%emt 00:00:36]} 3. Bf4
{[%clk 01:31:44]} {[%emt 00:00:07]} Bf5 {[%clk 01:29:54]} {[%emt 00:01:18]} 4.
e3 {[%clk 01:32:03]} {[%emt 00:00:12]} e6 {[%clk 01:28:46]} {[%emt 00:01:38]}
5. Nbd2 {[%clk 01:31:29]} {[%emt 00:01:03]} Bd6 {[%clk 01:17:50]} {[%emt
00:11:27]} 6. Ne5 {[%clk 01:30:54]} {[%emt 00:01:05]} Nbd7 {[%clk 01:12:02]}
{[%emt 00:06:20]} 7. Ndf3 {[%clk 01:25:02]} {[%emt 00:06:22]} h6 {[%clk
01:11:13]} {[%emt 00:01:18]} 8. Bd3 {[%clk 01:09:38]} {[%emt 00:15:53]} Ne4
{[%clk 01:05:37]} {[%emt 00:06:06]} 9. g4 {[%clk 01:02:10]} {[%emt 00:07:59]}
Bh7 {[%clk 01:00:53]} {[%emt 00:05:14]} 10. c3 {[%clk 00:56:05]} {[%emt
00:06:36]} g5 {[%clk 00:54:51]} {[%emt 00:06:30]} 11. Bg3 {[%clk 00:54:03]}
{[%emt 00:02:32]} Nxg3 {[%clk 00:54:13]} {[%emt 00:01:08]} 12. hxg3 {[%clk
00:54:19]} {[%emt 00:00:13]} Bxd3 {[%clk 00:54:21]} {[%emt 00:00:21]} 13. Qxd3
{[%clk 00:54:36]} {[%emt 00:00:13]} Bxe5 {[%clk 00:54:43]} {[%emt 00:00:08]}
14. dxe5 {[%clk 00:53:17]} {[%emt 00:01:49]} Qe7 {[%clk 00:49:57]} {[%emt
00:05:17]} 15. Qb5 {[%clk 00:51:09]} {[%emt 00:02:37]} O-O-O {[%clk 00:46:15]}
{[%emt 00:04:12]} 16. a4 {[%clk 00:48:48]} {[%emt 00:02:51]} Qc5 {[%clk
00:46:20]} {[%emt 00:00:25]} 17. Qxc5 {[%clk 00:48:27]} {[%emt 00:00:51]} Nxc5
{[%clk 00:46:43]} {[%emt 00:00:07]} 18. Ra2 {[%clk 00:47:58]} {[%emt 00:00:59]}
Nd7 {[%clk 00:37:56]} {[%emt 00:09:17]} 19. a5 {[%clk 00:45:32]} {[%emt
00:02:55]} Nb8 {[%clk 00:28:47]} {[%emt 00:09:39]} 20. Nd4 {[%clk 00:43:42]}
{[%emt 00:02:21]} Nd7 {[%clk 00:25:24]} {[%emt 00:03:53]} 21. f4 {[%clk
00:39:24]} {[%emt 00:04:48]} gxf4 {[%clk 00:25:39]} {[%emt 00:00:14]} 22. gxf4
{[%emt 00:00:16]} Rdg8 {[%clk 00:26:01]} 23. Rh4 {[%clk 00:38:11]} {[%emt
00:02:05]} Rg6 {[%clk 00:19:23]} {[%emt 00:07:05]} 24. Kf2 {[%clk 00:36:34]}
{[%emt 00:02:10]} Rhg8 {[%clk 00:17:49]} {[%emt 00:02:04]} 25. Kf3 {[%clk
00:28:20]} {[%emt 00:08:45]} Nc5 {[%clk 00:17:30]} {[%emt 00:00:49]} 26. b4
{[%clk 00:24:12]} {[%emt 00:04:38]} Ne4 {[%emt 00:00:31]} 27. Rc2 {[%clk
00:19:20]} {[%emt 00:05:20]} Kd7 {[%clk 00:17:15]} {[%emt 00:00:44]} 28. Nb3
{[%clk 00:18:17]} {[%emt 00:01:33]} f6 {[%clk 00:12:17]} {[%emt 00:05:30]} 29.
exf6 {[%clk 00:16:28]} {[%emt 00:02:18]} Rxf6 {[%clk 00:10:32]} {[%emt
00:02:15]} 30. c4 {[%clk 00:14:12]} {[%emt 00:02:43]} *

[Event "DVM U16w 2023"]
[Site "Magdeburg GER"]
[Date "2023.12.27"]
[Round "1"]
[White "Eger, Nora"]
[Black "Schmidt, Sophie"]
[Result "1-0"]
[Termination "normal"]
[Board "6.3"]
[WhiteElo "1272"]
[BlackElo "1167"]
[WhiteClock "00:05:28"]
[BlackClock "00:24:03"]
[WhiteTeam "SSV Altenberg"]
[BlackTeam "SV Stuttgart-Wolfbusch 1956"]
[PlyCount "80"]
[WhiteFideId "34605827"]
[BlackFideId "34682503"]
[EventCountry "GER"]
[EventRounds "7"]
[EventType "team-swiss"]
[EventDate "2023.12.26"]

1. Nf3 {[%clk 01:30:57]} {[%emt 00:00:02]} Nc6 {[%clk 01:29:33]} {[%emt
00:01:27]} 2. g3 {[%clk 01:30:51]} {[%emt 00:00:36]} e5 {[%clk 01:29:22]}
{[%emt 00:00:43]} 3. d3 {[%clk 01:31:10]} {[%emt 00:00:10]} d5 {[%clk
01:28:08]} {[%emt 00:01:43]} 4. Bg2 {[%clk 01:31:22]} {[%emt 00:00:19]} Nf6
{[%clk 01:27:32]} {[%emt 00:01:06]} 5. O-O {[%clk 01:31:04]} {[%emt 00:00:48]}
Bc5 {[%clk 01:26:21]} {[%emt 00:01:40]} 6. Qe1 {[%clk 01:26:23]} {[%emt
00:05:11]} Bf5 {[%clk 01:24:01]} {[%emt 00:02:52]} 7. Bg5 {[%clk 01:24:02]}
{[%emt 00:02:51]} e4 {[%clk 01:18:13]} {[%emt 00:06:17]} 8. dxe4 {[%clk
01:19:58]} {[%emt 00:04:33]} dxe4 {[%clk 01:17:40]} {[%emt 00:01:03]} 9. Nh4
{[%clk 01:14:49]} {[%emt 00:05:40]} Nd4 {[%clk 01:14:43]} {[%emt 00:03:28]} 10.
Qd1 {[%clk 01:09:09]} {[%emt 00:06:06]} Bg4 {[%clk 01:11:59]} {[%emt 00:03:17]}
11. Nc3 {[%clk 01:05:39]} {[%emt 00:03:59]} Nxe2+ {[%clk 01:09:24]} {[%emt
00:03:04]} 12. Nxe2 {[%clk 01:05:01]} {[%emt 00:01:08]} Qxd1 {[%clk 01:09:46]}
{[%emt 00:00:08]} 13. Rfxd1 {[%clk 01:04:58]} {[%emt 00:00:34]} Bxe2 {[%clk
01:09:36]} {[%emt 00:00:40]} 14. Re1 {[%clk 01:04:34]} {[%emt 00:00:54]} Bc4
{[%clk 01:00:42]} {[%emt 00:09:24]} 15. Bxf6 {[%clk 01:02:00]} {[%emt
00:03:03]} gxf6 {[%clk 00:59:22]} {[%emt 00:01:50]} 16. Rxe4+ {[%clk 01:02:20]}
{[%emt 00:00:11]} Be6 {[%clk 00:59:26]} {[%emt 00:00:25]} 17. Rd1 {[%clk
00:52:08]} {[%emt 00:10:38]} Kf8 {[%clk 00:53:01]} {[%emt 00:06:59]} 18. a3
{[%clk 00:51:33]} {[%emt 00:01:05]} f5 {[%clk 00:51:52]} {[%emt 00:01:40]} 19.
Rf4 {[%clk 00:48:56]} {[%emt 00:03:05]} Bd6 {[%clk 00:50:03]} {[%emt 00:02:20]}
20. Rf3 {[%clk 00:47:50]} {[%emt 00:01:35]} Be5 {[%clk 00:47:24]} {[%emt
00:03:11]} 21. b3 {[%clk 00:46:19]} {[%emt 00:02:00]} f4 {[%clk 00:47:33]}
{[%emt 00:00:23]} 22. Rfd3 {[%clk 00:39:39]} {[%emt 00:07:09]} c6 {[%clk
00:43:44]} {[%emt 00:04:19]} 23. Nf3 {[%clk 00:31:25]} {[%emt 00:08:45]} f6
{[%clk 00:40:08]} {[%emt 00:04:05]} 24. Nxe5 {[%clk 00:29:34]} {[%emt
00:02:22]} fxe5 {[%clk 00:40:23]} {[%emt 00:00:14]} 25. Re1 {[%clk 00:28:10]}
{[%emt 00:01:54]} Bf5 {[%clk 00:39:54]} {[%emt 00:00:59]} 26. Be4 {[%clk
00:26:03]} {[%emt 00:02:37]} Bh3 {[%clk 00:36:28]} {[%emt 00:03:56]} 27. c3
{[%clk 00:18:18]} {[%emt 00:08:15]} Rg8 {[%clk 00:32:04]} {[%emt 00:04:53]} 28.
Bg2 {[%clk 00:16:04]} {[%emt 00:02:45]} Bf5 {[%clk 00:30:58]} {[%emt 00:01:35]}
29. Be4 {[%clk 00:13:36]} {[%emt 00:02:58]} Bg6 {[%clk 00:30:57]} {[%emt
00:00:31]} 30. Bxg6 {[%clk 00:13:23]} {[%emt 00:00:42]} hxg6 {[%clk 00:31:19]}
{[%emt 00:00:09]} 31. Rxe5 {[%clk 00:12:50]} {[%emt 00:01:03]} fxg3 {[%clk
00:30:52]} {[%emt 00:00:56]} 32. fxg3 {[%clk 00:11:29]} {[%emt 00:01:52]} Rh8
{[%clk 00:29:15]} {[%emt 00:02:07]} 33. Rf3+ {[%clk 00:10:16]} {[%emt
00:01:43]} Kg7 {[%clk 00:29:11]} {[%emt 00:00:35]} 34. Re7+ {[%clk 00:09:45]}
{[%emt 00:01:00]} Kh6 {[%clk 00:28:44]} {[%emt 00:00:57]} 35. Rxb7 {[%clk
00:07:53]} {[%emt 00:02:21]} Rhd8 {[%clk 00:28:26]} {[%emt 00:00:49]} 36. Rb4
{[%clk 00:06:28]} {[%emt 00:01:55]} Rd2 {[%clk 00:26:48]} {[%emt 00:02:08]} 37.
Rf2 {[%clk 00:05:51]} {[%emt 00:01:08]} Rd1+ {[%clk 00:25:58]} {[%emt
00:01:20]} 38. Kg2 {[%clk 00:06:10]} {[%emt 00:00:11]} Rd3 {[%clk 00:25:46]}
{[%emt 00:00:42]} 39. Rc4 {[%clk 00:06:12]} {[%emt 00:00:28]} Rb8 {[%clk
00:24:51]} {[%emt 00:01:24]} 40. b4 {[%clk 00:05:28]} {[%emt 00:01:15]} Rb6
{[%clk 00:24:03]} {[%emt 00:01:17]} *

[Event "DVM U16w 2023"]
[Site "Magdeburg GER"]
[Date "2023.12.27"]
[Round "1"]
[White "Friedrich, Viktoria"]
[Black "Müller, Ariana"]
[Result "0-1"]
[Termination "normal"]
[Board "6.4"]
[WhiteElo "748"]
[BlackElo "1254"]
[WhiteClock "00:56:59"]
[BlackClock "01:25:37"]
[WhiteTeam "SV Stuttgart-Wolfbusch 1956"]
[BlackTeam "SSV Altenberg"]
[PlyCount "34"]
[WhiteFideId "34654569"]
[BlackFideId "34615024"]
[EventCountry "GER"]
[EventRounds "7"]
[EventType "team-swiss"]
[EventDate "2023.12.26"]

1. e4 {[%clk 01:30:48]} {[%emt 00:00:04]} e5 {[%clk 01:30:59]} {[%emt
00:00:10]} 2. Nf3 {[%clk 01:31:03]} {[%emt 00:00:14]} Nc6 {[%clk 01:31:22]}
{[%emt 00:00:08]} 3. Nc3 {[%clk 01:31:08]} {[%emt 00:00:24]} Nf6 {[%clk
01:31:16]} {[%emt 00:00:37]} 4. Bc4 {[%clk 01:31:03]} {[%emt 00:00:34]} Bc5
{[%clk 01:31:35]} {[%emt 00:00:11]} 5. O-O {[%clk 01:31:18]} {[%emt 00:00:15]}
d6 {[%clk 01:31:58]} {[%emt 00:00:06]} 6. d3 {[%clk 01:31:23]} {[%emt
00:00:25]} Bg4 {[%clk 01:32:18]} {[%emt 00:00:10]} 7. Bg5 {[%clk 01:31:21]}
{[%emt 00:00:32]} Nd4 {[%clk 01:32:12]} {[%emt 00:00:36]} 8. Bxf6 {[%clk
01:30:33]} {[%emt 00:01:18]} Qxf6 {[%clk 01:32:24]} {[%emt 00:00:17]} 9. Qd2
{[%clk 01:29:59]} {[%emt 00:01:04]} Bxf3 {[%clk 01:31:39]} {[%emt 00:01:17]}
10. Nd5 {[%clk 01:27:01]} {[%emt 00:03:27]} Qg6 {[%clk 01:29:01]} {[%emt
00:03:08]} 11. Ne3 {[%clk 01:19:12]} {[%emt 00:08:19]} Ne2+ {[%clk 01:27:54]}
{[%emt 00:01:36]} 12. Kh1 {[%clk 01:14:49]} {[%emt 00:04:53]} Bxe3 {[%clk
01:27:54]} {[%emt 00:00:31]} 13. gxf3 {[%clk 01:04:51]} {[%emt 00:10:28]} Bxd2
{[%clk 01:27:09]} {[%emt 00:01:15]} 14. Bb5+ {[%clk 01:02:43]} {[%emt
00:02:36]} c6 {[%clk 01:26:49]} {[%emt 00:00:53]} 15. Bc4 {[%clk 01:00:53]}
{[%emt 00:02:18]} Qf6 {[%clk 01:25:30]} {[%emt 00:01:49]} 16. h3 {[%clk
00:57:54]} {[%emt 00:02:56]} Qxf3+ {[%clk 01:26:00]} 17. Kh2 {[%clk 00:56:59]}
{[%emt 00:01:58]} Bf4# {[%clk 01:25:37]} {[%emt 00:00:22]} 0-1

[Event "DVM U16w 2023"]
[Site "Magdeburg GER"]
[Date "2023.12.27"]
[Round "1"]
[White "Dhanasekaran Meenambigai, Diya"]
[Black "Nguyen, Jenny Ha-Linh"]
[Result "0-1"]
[Termination "normal"]
[Board "7.1"]
[WhiteElo "1369"]
[BlackElo "1639"]
[WhiteClock "00:27:47"]
[BlackClock "01:07:53"]
[WhiteTeam "SG Solingen"]
[BlackTeam "SG Leipzig"]
[PlyCount "72"]
[WhiteFideId "34611924"]
[BlackFideId "16209729"]
[EventCountry "GER"]
[EventRounds "7"]
[EventType "team-swiss"]
[EventDate "2023.12.26"]

1. d4 {[%clk 01:30:56]} {[%emt 00:00:03]} Nf6 {[%clk 01:30:54]} {[%emt
00:00:06]} 2. Nc3 {[%clk 01:31:13]} {[%emt 00:00:13]} g6 {[%clk 01:31:10]}
{[%emt 00:00:15]} 3. e4 {[%clk 01:31:18]} {[%emt 00:00:24]} d6 {[%clk
01:31:29]} {[%emt 00:00:11]} 4. Nf3 {[%clk 01:31:35]} {[%emt 00:00:12]} Bg7
{[%clk 01:31:21]} {[%emt 00:00:39]} 5. Be2 {[%clk 01:31:20]} {[%emt 00:00:44]}
O-O {[%clk 01:31:02]} {[%emt 00:00:49]} 6. O-O {[%clk 01:31:03]} {[%emt
00:00:48]} Nbd7 {[%clk 01:28:34]} {[%emt 00:02:58]} 7. h3 {[%clk 01:30:49]}
{[%emt 00:00:43]} e5 {[%clk 01:27:49]} {[%emt 00:01:16]} 8. dxe5 {[%clk
01:28:45]} {[%emt 00:02:34]} Nxe5 {[%clk 01:28:03]} {[%emt 00:00:16]} 9. Nxe5
{[%clk 01:27:34]} {[%emt 00:01:41]} dxe5 {[%clk 01:28:18]} {[%emt 00:00:15]}
10. Be3 {[%clk 01:27:11]} {[%emt 00:00:52]} c6 {[%clk 01:25:23]} {[%emt
00:03:26]} 11. a4 {[%clk 01:26:48]} {[%emt 00:00:52]} Qc7 {[%clk 01:23:43]}
{[%emt 00:02:11]} 12. Bf3 {[%clk 01:23:35]} {[%emt 00:03:43]} Be6 {[%clk
01:22:24]} {[%emt 00:01:49]} 13. Qe2 {[%clk 01:14:10]} {[%emt 00:09:55]} h6
{[%clk 01:16:15]} {[%emt 00:06:39]} 14. Rfd1 {[%clk 01:07:17]} {[%emt
00:07:22]} Nd7 {[%clk 01:11:40]} {[%emt 00:05:05]} 15. Qd2 {[%clk 01:01:49]}
{[%emt 00:05:58]} Kh7 {[%clk 01:09:39]} {[%emt 00:02:32]} 16. Qd6 {[%clk
00:54:02]} {[%emt 00:08:16]} Qxd6 {[%clk 01:09:37]} {[%emt 00:00:33]} 17. Rxd6
{[%clk 00:54:19]} {[%emt 00:00:12]} Nb6 {[%clk 01:09:29]} {[%emt 00:00:38]} 18.
b3 {[%clk 00:52:14]} {[%emt 00:02:34]} Rad8 {[%clk 01:08:26]} {[%emt 00:01:34]}
19. Rad1 {[%clk 00:48:38]} {[%emt 00:04:06]} Bf6 {[%clk 01:08:19]} {[%emt
00:00:36]} 20. Bc5 {[%clk 00:43:41]} {[%emt 00:05:27]} Rxd6 {[%clk 01:06:30]}
{[%emt 00:02:19]} 21. Rxd6 {[%clk 00:43:23]} {[%emt 00:00:48]} Be7 {[%clk
01:04:02]} {[%emt 00:02:58]} 22. Rxe6 {[%clk 00:36:58]} {[%emt 00:06:56]} Bxc5
{[%clk 01:04:26]} {[%emt 00:00:05]} 23. Rxe5 {[%clk 00:36:04]} {[%emt
00:01:26]} Bd4 {[%clk 01:04:50]} {[%emt 00:00:06]} 24. Ra5 {[%clk 00:35:49]}
{[%emt 00:00:44]} Bxc3 {[%clk 01:05:09]} {[%emt 00:00:11]} 25. Rxa7 {[%clk
00:36:07]} {[%emt 00:00:12]} Rb8 {[%clk 01:05:20]} {[%emt 00:00:19]} 26. Bg4
{[%clk 00:31:42]} {[%emt 00:04:56]} h5 {[%clk 01:05:22]} {[%emt 00:00:29]} 27.
Bf3 {[%clk 00:29:22]} {[%emt 00:02:49]} Nc8 {[%clk 01:05:42]} {[%emt 00:00:10]}
28. Rxb7 {[%clk 00:28:50]} {[%emt 00:01:02]} Rxb7 {[%clk 01:06:07]} {[%emt
00:00:05]} 29. e5 {[%clk 00:29:01]} {[%emt 00:00:19]} Ne7 {[%clk 01:06:25]}
{[%emt 00:00:12]} 30. Kf1 {[%clk 00:28:55]} {[%emt 00:00:35]} Bxe5 {[%clk
01:06:31]} {[%emt 00:00:24]} 31. a5 {[%clk 00:28:12]} {[%emt 00:01:12]} Bc3
{[%clk 01:06:35]} {[%emt 00:00:27]} 32. a6 {[%clk 00:28:26]} {[%emt 00:00:16]}
Ra7 {[%clk 01:07:03]} {[%emt 00:00:03]} 33. Be2 {[%clk 00:28:35]} {[%emt
00:00:20]} Nd5 {[%clk 01:07:27]} {[%emt 00:00:06]} 34. Bc4 {[%clk 00:28:14]}
{[%emt 00:00:49]} Nb4 {[%clk 01:07:51]} {[%emt 00:00:07]} 35. Ke2 {[%clk
00:28:21]} {[%emt 00:00:22]} Kg7 {[%clk 01:07:40]} {[%emt 00:00:41]} 36. h4
{[%clk 00:27:47]} {[%emt 00:01:04]} Kf6 {[%clk 01:07:53]} {[%emt 00:00:17]} 0-1

[Event "DVM U16w 2023"]
[Site "Magdeburg GER"]
[Date "2023.12.27"]
[Round "1"]
[White "Halas, Neele Zoe"]
[Black "Malagatte, Samiksha"]
[Result "1/2-1/2"]
[Termination "normal"]
[Board "7.2"]
[WhiteElo "1391"]
[BlackElo "1321"]
[WhiteClock "00:53:09"]
[BlackClock "01:25:37"]
[WhiteTeam "SG Leipzig"]
[BlackTeam "SG Solingen"]
[PlyCount "40"]
[WhiteFideId "16287282"]
[BlackFideId "34633790"]
[EventCountry "GER"]
[EventRounds "7"]
[EventType "team-swiss"]
[EventDate "2023.12.26"]

1. e4 {[%emt 00:00:03]} e5 {[%clk 01:30:58]} {[%emt 00:00:01]} 2. Nf3 {[%clk
01:31:21]} {[%emt 00:00:08]} Nc6 {[%clk 01:31:17]} {[%emt 00:00:11]} 3. d4
{[%clk 01:31:45]} {[%emt 00:00:06]} exd4 {[%clk 01:31:40]} {[%emt 00:00:06]} 4.
Nxd4 {[%clk 01:32:09]} {[%emt 00:00:06]} Nf6 {[%clk 01:32:03]} {[%emt
00:00:07]} 5. Nxc6 {[%clk 01:32:24]} {[%emt 00:00:15]} bxc6 {[%clk 01:32:22]}
{[%emt 00:00:12]} 6. e5 {[%clk 01:32:47]} {[%emt 00:00:07]} Qe7 {[%clk
01:32:42]} {[%emt 00:00:09]} 7. Qe2 {[%clk 01:33:10]} {[%emt 00:00:08]} Nd5
{[%clk 01:33:05]} {[%emt 00:00:08]} 8. c4 {[%clk 01:33:31]} {[%emt 00:00:07]}
Nb6 {[%clk 01:33:25]} {[%emt 00:00:10]} 9. Nc3 {[%clk 01:32:19]} {[%emt
00:01:43]} Ba6 {[%clk 01:33:41]} {[%emt 00:00:14]} 10. b3 {[%clk 01:32:04]}
{[%emt 00:00:45]} O-O-O {[%clk 01:33:59]} {[%emt 00:00:12]} 11. Bb2 {[%clk
01:30:28]} {[%emt 00:02:05]} f6 {[%clk 01:34:13]} {[%emt 00:00:16]} 12. exf6
{[%clk 01:29:49]} {[%emt 00:01:10]} Qxf6 {[%clk 01:34:31]} {[%emt 00:00:11]}
13. O-O-O {[%clk 01:27:36]} {[%emt 00:02:43]} Ba3 {[%clk 01:34:51]} {[%emt
00:00:11]} 14. Bxa3 {[%clk 01:24:13]} {[%emt 00:03:52]} Qxc3+ {[%clk 01:34:44]}
{[%emt 00:00:37]} 15. Kb1 {[%clk 01:20:30]} {[%emt 00:04:13]} Nxc4 {[%clk
01:30:12]} {[%emt 00:05:03]} 16. bxc4 {[%clk 01:10:36]} {[%emt 00:10:24]} Qxa3
{[%clk 01:30:19]} {[%emt 00:00:21]} 17. Qg4 {[%clk 01:05:55]} {[%emt 00:05:05]}
Qb4+ {[%clk 01:27:49]} {[%emt 00:03:06]} 18. Kc2 {[%clk 01:02:57]} {[%emt
00:03:22]} Qa4+ {[%clk 01:26:21]} {[%emt 00:02:05]} 19. Kb2 {[%clk 00:53:42]}
{[%emt 00:09:44]} Qb4+ {[%clk 01:25:37]} {[%emt 00:01:15]} 20. Kc2 {[%clk
00:53:09]} {[%emt 00:01:02]} Qa4+ {[%emt 00:01:16]} 1/2-1/2

[Event "DVM U16w 2023"]
[Site "Magdeburg GER"]
[Date "2023.12.27"]
[Round "1"]
[White "Fetahovic, Maida"]
[Black "Ottlik, Marie"]
[Result "0-1"]
[Termination "normal"]
[Board "7.3"]
[WhiteElo "1038"]
[BlackElo "1452"]
[WhiteClock "00:01:36"]
[BlackClock "00:23:46"]
[WhiteTeam "SG Solingen"]
[BlackTeam "SG Leipzig"]
[PlyCount "72"]
[WhiteFideId "34611932"]
[BlackFideId "16281730"]
[EventCountry "GER"]
[EventRounds "7"]
[EventType "team-swiss"]
[EventDate "2023.12.26"]

1. e4 {[%clk 01:30:58]} {[%emt 00:00:02]} c5 {[%clk 01:30:49]} {[%emt
00:00:11]} 2. Nf3 {[%clk 01:31:22]} {[%emt 00:00:07]} d6 {[%clk 01:31:10]}
{[%emt 00:00:08]} 3. d4 {[%clk 01:31:46]} {[%emt 00:00:05]} cxd4 {[%clk
01:31:34]} {[%emt 00:00:06]} 4. Nxd4 {[%clk 01:31:39]} {[%emt 00:00:37]} Nf6
{[%clk 01:31:51]} {[%emt 00:00:13]} 5. Nc3 {[%clk 01:31:59]} {[%emt 00:00:10]}
a6 {[%clk 01:32:16]} {[%emt 00:00:05]} 6. h3 {[%clk 01:31:15]} {[%emt
00:01:15]} b5 {[%clk 01:24:59]} {[%emt 00:07:47]} 7. Bd3 {[%clk 01:21:11]}
{[%emt 00:10:34]} Bb7 {[%clk 01:23:22]} {[%emt 00:02:06]} 8. a3 {[%clk
01:19:02]} {[%emt 00:02:39]} Nbd7 {[%clk 01:17:56]} {[%emt 00:05:55]} 9. O-O
{[%clk 00:58:25]} {[%emt 00:21:08]} Nb6 {[%clk 01:16:22]} {[%emt 00:02:04]} 10.
Re1 {[%clk 00:56:18]} {[%emt 00:02:36]} e6 {[%clk 01:10:20]} {[%emt 00:06:33]}
11. Bg5 {[%clk 00:46:54]} {[%emt 00:09:54]} Be7 {[%clk 01:07:56]} {[%emt
00:02:54]} 12. Qf3 {[%clk 00:45:20]} {[%emt 00:02:04]} Rc8 {[%clk 00:57:59]}
{[%emt 00:10:26]} 13. Rad1 {[%clk 00:31:50]} {[%emt 00:14:01]} Qc7 {[%clk
00:52:30]} {[%emt 00:05:58]} 14. Qg3 {[%clk 00:18:03]} {[%emt 00:14:18]} Nc4
{[%clk 00:45:55]} {[%emt 00:07:05]} 15. Bxc4 {[%clk 00:15:12]} {[%emt
00:03:20]} Qxc4 {[%clk 00:44:49]} {[%emt 00:01:37]} 16. Qd3 {[%clk 00:02:15]}
{[%emt 00:13:27]} Qxd3 {[%clk 00:41:56]} {[%emt 00:03:23]} 17. cxd3 {[%clk
00:02:23]} {[%emt 00:00:22]} O-O {[%clk 00:40:40]} {[%emt 00:01:47]} 18. Rc1
{[%clk 00:02:13]} {[%emt 00:00:39]} h6 {[%clk 00:39:33]} {[%emt 00:01:38]} 19.
Bh4 {[%clk 00:02:33]} {[%emt 00:00:10]} Rfe8 {[%clk 00:38:39]} {[%emt
00:01:23]} 20. f4 {[%clk 00:00:59]} {[%emt 00:02:04]} Nd7 {[%clk 00:33:33]}
{[%emt 00:05:35]} 21. Bxe7 {[%clk 00:00:53]} {[%emt 00:00:37]} Rxe7 {[%clk
00:33:56]} {[%emt 00:00:09]} 22. e5 {[%clk 00:01:05]} {[%emt 00:00:17]} dxe5
{[%clk 00:31:58]} {[%emt 00:02:27]} 23. fxe5 {[%clk 00:01:20]} {[%emt
00:00:15]} Nc5 {[%clk 00:31:58]} {[%emt 00:00:29]} 24. Ne4 {[%clk 00:00:45]}
{[%emt 00:01:06]} Nxd3 {[%clk 00:29:39]} {[%emt 00:02:50]} 25. Rxc8+ {[%clk
00:01:03]} {[%emt 00:00:12]} Bxc8 {[%clk 00:30:07]} {[%emt 00:00:01]} 26. Nc6
{[%clk 00:00:34]} {[%emt 00:00:59]} Rc7 {[%clk 00:27:07]} {[%emt 00:03:29]} 27.
Rd1 {[%clk 00:00:52]} {[%emt 00:00:14]} Nxb2 {[%clk 00:24:13]} {[%emt
00:03:24]} 28. Rd8+ {[%clk 00:01:14]} {[%emt 00:00:06]} Kh7 {[%clk 00:24:28]}
{[%emt 00:00:16]} 29. Ne7 {[%clk 00:00:36]} {[%emt 00:01:08]} Bb7 {[%clk
00:23:39]} {[%emt 00:01:19]} 30. Rc8 {[%clk 00:00:32]} {[%emt 00:00:34]} Bxc8
{[%clk 00:23:45]} {[%emt 00:00:25]} 31. Nxc8 {[%emt 00:00:17]} Rxc8 {[%clk
00:24:10]} 32. Nd6 {[%clk 00:01:13]} {[%emt 00:00:06]} Rc1+ {[%clk 00:23:58]}
{[%emt 00:00:42]} 33. Kh2 {[%clk 00:01:39]} {[%emt 00:00:05]} Nc4 {[%clk
00:23:52]} {[%emt 00:00:35]} 34. Nxf7 {[%clk 00:01:42]} {[%emt 00:00:26]} Nxa3
{[%clk 00:24:10]} {[%emt 00:00:12]} 35. Nd8 {[%clk 00:01:14]} {[%emt 00:00:59]}
b4 {[%clk 00:23:49]} {[%emt 00:00:52]} 36. Nxe6 {[%clk 00:01:36]} {[%emt
00:00:07]} b3 {[%clk 00:23:46]} {[%emt 00:00:34]} *